A new approach to the communal problem / (Record no. 21527)

MARC details
000 -LEADER
fixed length control field 00745cam a2200253u 4500
001 - CONTROL NUMBER
control field 6511562
003 - CONTROL NUMBER IDENTIFIER
control field BDDh-ASL
005 - DATE AND TIME OF LATEST TRANSACTION
control field 20231015030012.0
008 - FIXED-LENGTH DATA ELEMENTS--GENERAL INFORMATION
fixed length control field 830210s1943 ii 000 0 eng
010 ## - LIBRARY OF CONGRESS CONTROL NUMBER
LC control number 53054485
040 ## - CATALOGING SOURCE
Original cataloging agency DLC
Transcribing agency CarP
Modifying agency DLC
-- BDDh-ASL
043 ## - GEOGRAPHIC AREA CODE
Geographic area code a-ii---
050 00 - LIBRARY OF CONGRESS CALL NUMBER
Classification number JC311
Item number .M585
082 ## - DEWEY DECIMAL CLASSIFICATION NUMBER
Classification number 323.35
Item number MON
100 1# - MAIN ENTRY--PERSONAL NAME
Personal name Mookerji, Radha Kumud,
Dates associated with a name 1884- [from old catalog]
245 12 - TITLE STATEMENT
Title A new approach to the communal problem /
260 ## - PUBLICATION, DISTRIBUTION, ETC.
Place of publication, distribution, etc. Bombay:
Name of publisher, distributor, etc. Padma Publications
Date of publication, distribution, etc. [1943]
300 ## - PHYSICAL DESCRIPTION
Extent 100 p.
Dimensions 19 cm.
650 #0 - SUBJECT ADDED ENTRY--TOPICAL TERM
Topical term or geographic name entry element Minorities.
650 #0 - SUBJECT ADDED ENTRY--TOPICAL TERM
Topical term or geographic name entry element Minorities
Geographic subdivision India.
830 #0 - SERIES ADDED ENTRY--UNIFORM TITLE
Uniform title Current topics series,
Volume/sequential designation no. 10. [from old catalog]
906 ## - LOCAL DATA ELEMENT F, LDF (RLIN)
a 0
b cbc
c premunv
d u
e ncip
f 19
g y-gencatlg
942 ## - ADDED ENTRY ELEMENTS (KOHA)
Source of classification or shelving scheme Dewey Decimal Classification
Koha item type Books
Holdings
Withdrawn status Lost status Source of classification or shelving scheme Damaged status Not for loan Collection code Home library Current library Shelving location Date acquired Source of acquisition Total Checkouts Full call number Barcode Date last seen Copy number Price effective from Koha item type Public note
    Dewey Decimal Classification   Not For Loan Non-fiction Asiatic Society Library Asiatic Society Library General Stacks 02/04/2021 ASB Collection   323.35 MON 105248 02/04/2021 C-1 02/04/2021 Books RARE

Powered by Koha